Kings of Spain Quiz - Statistics

General Stats
  • This quiz has been taken 14,117 times
    13,569 since last reset
  • The average score is 6 of 10
Answer Stats
Name % Correct
Charles
84%
Philip
84%
Ferdinand
75%
Isabella
64%
Juan Carlos
60%
Louis
55%
Joseph
52%
Alfonso
43%
Joanna
28%
Amadeo
25%
No matching quizzes found
Score Distribution
Percent of People with Each Score
Percentile by Number Answered
Your Score History
You have not taken this quiz since the last reset